[Event "Polfinal Mistrzostw Stowarzyszenia CROSS"]
[Site "Krynica Zdroj ul. Szkolna 7"]
[Date "2012.??.??"]
[Round "3.2"]
[White "Zarow, Zdzislaw"]
[Black "Falkowski, Dawid"]
[Result "1/2-1/2"]
[WhiteElo "1898"]
[BlackElo "2005"]
[PlyCount "76"]
[EventDate "2012.??.??"]

1. e4 e5 2. Bc4 Nf6 3. Nc3 Nc6 4. d3 Bc5 5. Bg5 h6 6. Bh4 g5 7. Bg3 d6 8. h3
Be6 9. Bxe6 fxe6 10. Na4 Bb6 11. c3 Qe7 12. Nf3 Qf7 13. Nxb6 axb6 14. O-O Nh5
15. d4 O-O-O 16. dxe5 d5 17. exd5 Rxd5 18. Qa4 Kb8 19. Rad1 Rhd8 20. Rxd5 Rxd5
21. Qe4 Qf5 22. Re1 Kc8 23. Nd4 Nxg3 24. fxg3 Qxe4 25. Rxe4 Rxe5 26. Rxe5 Nxe5
27. Nxe6 Nd3 28. Nd4 Nxb2 29. Nf5 Kd7 30. Nxh6 Nd1 31. Nf7 Nxc3 32. Nxg5 Nxa2
33. h4 b5 34. h5 Ke7 35. Ne4 b4 36. g4 Nc3 37. Nd2 c5 38. Kf2 Kf6 1/2-1/2

[Event "Polfinal Mistrzostw Stowarzyszenia CROSS"]
[Site "Krynica Zdroj ul. Szkolna 7"]
[Date "2012.??.??"]
[Round "3.3"]
[White "Jelen, Janusz"]
[Black "Gosek, Zenon"]
[Result "1-0"]
[WhiteElo "1989"]
[BlackElo "2089"]
[PlyCount "71"]
[EventDate "2012.??.??"]

1. Nc3 c5 2. e4 Nc6 3. Nf3 g6 4. d4 cxd4 5. Nxd4 Bg7 6. Nb3 Nf6 7. Be2 d6 8.
Be3 a6 9. f3 O-O 10. O-O Qc7 11. Qd2 Bd7 12. Rac1 b5 13. Bh6 Rfc8 14. Bxg7 Kxg7
15. Kh1 Ne5 16. Nd5 Nxd5 17. Qxd5 Be6 18. Qd4 Kg8 19. f4 Bxb3 20. axb3 Nc6 21.
Qd2 Qb6 22. Bg4 Rc7 23. Rfd1 Qc5 24. c3 Rd8 25. b4 Qc4 26. Bf3 Rdc8 27. Ra1 Ra7
28. Qe3 Rd8 29. e5 d5 30. Be2 Qb3 31. Qb6 Qxb2 32. Bxb5 axb5 33. Rxa7 Qxc3 34.
Rc7 Qb3 35. Rc1 Nxb4 36. R7c3 1-0

[Event "Polfinal Mistrzostw Stowarzyszenia CROSS"]
[Site "Krynica Zdroj ul. Szkolna 7"]
[Date "2012.??.??"]
[Round "3.4"]
[White "Ruszczycki, Jacek"]
[Black "Przewoznik, Emil"]
[Result "1-0"]
[WhiteElo "1901"]
[BlackElo "2012"]
[PlyCount "69"]
[EventDate "2012.??.??"]

1. e4 c5 2. f4 e5 3. d3 d5 4. exd5 Qxd5 5. Nc3 Qe6 6. Be2 Bd7 7. Nf3 exf4 8.
Bxf4 Be7 9. Qd2 Bf6 10. h3 Ne7 11. Ne4 O-O 12. Nxc5 Qd5 13. d4 Bc6 14. c4 Qf5
15. g4 Qc8 16. g5 Bxf3 17. Bxf3 Bxd4 18. Qxd4 Rd8 19. Qf2 Nbc6 20. Bg4 Nf5 21.
O-O b6 22. Nb3 Nce7 23. Rac1 Qa6 24. Be5 g6 25. Nd2 Rd3 26. Ne4 Rad8 27. Rfd1
Qxa2 28. Rxd3 Rxd3 29. Qc2 Rd8 30. Rd1 Rc8 31. Qd3 Nc6 32. Bxf5 gxf5 33. Qd7
Nxe5 34. Qxc8+ Kg7 35. Qxf5 1-0

[Event "Polfinal Mistrzostw Stowarzyszenia CROSS"]
[Site "Krynica Zdroj ul. Szkolna 7"]
[Date "2012.??.??"]
[Round "3.5"]
[White "Stolarczyk, Anna"]
[Black "Sargalski, Andrzej"]
[Result "1-0"]
[WhiteElo "1999"]
[BlackElo "1904"]
[PlyCount "77"]
[EventDate "2012.??.??"]

1. d4 d5 2. c4 c6 3. Nf3 Nf6 4. e3 e6 5. Nc3 Nbd7 6. Qc2 b6 7. Bd3 Bb7 8. O-O
Rc8 9. e4 dxe4 10. Nxe4 c5 11. Re1 Bxe4 12. Bxe4 Nxe4 13. Rxe4 cxd4 14. Rxd4
Bc5 15. Rg4 Qf6 16. Bd2 h5 17. Rf4 Qe7 18. Re1 Bd6 19. Rfe4 Nc5 20. R4e2 Qc7
21. Bc3 Kf8 22. h4 Re8 23. b4 Nd7 24. Qb2 e5 25. Nxe5 Bxe5 26. Bxe5 Nxe5 27.
Rxe5 Rxe5 28. Qxe5 Qxe5 29. Rxe5 f6 30. Re6 Kf7 31. Rc6 Re8 32. Rc7+ Re7 33.
Rxe7+ Kxe7 34. f4 Kd6 35. Kf2 a5 36. a3 axb4 37. axb4 f5 38. Ke3 Kc6 39. Kd4
1-0

[Event "Polfinal Mistrzostw Stowarzyszenia CROSS"]
[Site "Krynica Zdroj ul. Szkolna 7"]
[Date "2012.??.??"]
[Round "3.6"]
[White "Wolanski, Michal"]
[Black "Kowalczyk, Marian"]
[Result "0-1"]
[WhiteElo "1961"]
[BlackElo "1991"]
[PlyCount "64"]
[EventDate "2012.??.??"]

1. c4 c5 2. Nf3 Nc6 3. d4 cxd4 4. Nxd4 Nf6 5. Nc3 e6 6. a3 d5 7. Nxc6 bxc6 8.
cxd5 cxd5 9. e3 Bd7 10. b4 Bd6 11. Bd3 O-O 12. O-O Qc7 13. Bb2 Bxh2+ 14. Kh1
Bd6 15. Nb5 Bxb5 16. Bxb5 Qe7 17. Qd4 e5 18. Qh4 Qe6 19. Rac1 Rac8 20. f4 exf4
21. exf4 Ne4 22. Bd3 Be7 23. Qe1 Qh6+ 24. Kg1 Bh4 25. g3 Bxg3 26. Qe2 Bxf4 27.
Rxc8 Be3+ 28. Kg2 Qg5+ 29. Kh2 Bf4+ 30. Rxf4 Qxf4+ 31. Kg2 Rxc8 32. Bb1 Rc6 0-1

[Event "Polfinal Mistrzostw Stowarzyszenia CROSS"]
[Site "Krynica Zdroj ul. Szkolna 7"]
[Date "2012.??.??"]
[Round "3.7"]
[White "Wojcieszyn, Zdzislaw"]
[Black "Cebula, Jozef"]
[Result "1-0"]
[WhiteElo "1967"]
[BlackElo "1891"]
[PlyCount "29"]
[EventDate "2012.??.??"]

1. Nf3 d5 2. d4 Nf6 3. c4 c6 4. Nc3 Bf5 5. Qb3 b6 6. cxd5 cxd5 7. Bf4 Nc6 8. e3
a6 9. Na4 b5 10. Nc3 e6 11. Nxb5 axb5 12. Bxb5 Qb6 13. Ne5 Rc8 14. Rc1 Ne4 15.
Nxc6 1-0

[Event "Polfinal Mistrzostw Stowarzyszenia CROSS"]
[Site "Krynica Zdroj ul. Szkolna 7"]
[Date "2012.??.??"]
[Round "3.8"]
[White "Bzowski, Grzegorz"]
[Black "Staruch, Roman"]
[Result "1/2-1/2"]
[WhiteElo "1658"]
[BlackElo "1937"]
[PlyCount "22"]
[EventDate "2012.??.??"]

1. d4 Nf6 2. c4 e5 3. d5 Bc5 4. e3 O-O 5. Be2 c6 6. Nc3 cxd5 7. Nxd5 Nc6 8. Nf3
d6 9. O-O Bg4 10. Nxf6+ Qxf6 11. Nd4 h5 1/2-1/2

[Event "Polfinal Mistrzostw Stowarzyszenia CROSS"]
[Site "Krynica Zdroj ul. Szkolna 7"]
[Date "2012.??.??"]
[Round "3.9"]
[White "Traczyk, Tadeusz"]
[Black "Barnowski, Sylwester"]
[Result "0-1"]
[WhiteElo "1905"]
[BlackElo "1843"]
[PlyCount "23"]
[EventDate "2012.??.??"]

1. e4 d6 2. d4 g6 3. Nc3 Bg7 4. f4 Nd7 5. Nf3 c6 6. Bc4 Nb6 7. Bb3 e6 8. Be3
Ne7 9. Qd2 d5 10. e5 Qc7 11. O-O-O Nc4 12. Ne2 0-1

[Event "Polfinal Mistrzostw Stowarzyszenia CROSS"]
[Site "Krynica Zdroj ul. Szkolna 7"]
[Date "2012.??.??"]
[Round "3.12"]
[White "Niecko, Stanislaw"]
[Black "Mettel, Werner"]
[Result "1-0"]
[WhiteElo "1834"]
[BlackElo "1905"]
[PlyCount "24"]
[EventDate "2012.??.??"]

1. c4 c5 2. Nf3 Nc6 3. d4 cxd4 4. Nxd4 Nf6 5. Nc3 e6 6. g3 Be7 7. Bg2 O-O 8.
O-O a6 9. e3 Rb8 10. b3 Nb4 11. Bb2 d5 12. a3 Nc6 1-0

[Event "Polfinal Mistrzostw Stowarzyszenia CROSS"]
[Site "Krynica Zdroj ul. Szkolna 7"]
[Date "2012.??.??"]
[Round "3.13"]
[White "Zaleski, Jan"]
[Black "Hagner, Pawel"]
[Result "0-1"]
[WhiteElo "1891"]
[BlackElo "1777"]
[PlyCount "74"]
[EventDate "2012.??.??"]

1. b3 Nf6 2. Bb2 g6 3. e4 d6 4. f4 Bg7 5. Nf3 O-O 6. d3 c5 7. Qe2 Nc6 8. Nbd2
Qa5 9. a3 Bg4 10. h3 Bxf3 11. Qxf3 Nd4 12. Qd1 Nh5 13. Kf2 Nxf4 14. Nc4 Qc7 15.
g3 Nh5 16. Rg1 f5 17. e5 dxe5 18. Be2 Nxe2 19. Qxe2 e4 20. Bxg7 Kxg7 21. Rae1
Rad8 22. Qe3 b5 23. Nd2 Qd6 24. Ke2 exd3+ 25. Qxd3 Qxd3+ 26. cxd3 Rd5 27. Nf3
Rfd8 28. Rd1 e5 29. Ng5 R8d6 30. h4 h6 31. Nh3 Kf6 32. Nf2 Ke6 33. Kd2 e4 34.
Ke3 exd3 35. Rxd3 Rxd3+ 36. Nxd3 c4 37. bxc4 bxc4 0-1

[Event "Polfinal Mistrzostw Stowarzyszenia CROSS"]
[Site "Krynica Zdroj ul. Szkolna 7"]
[Date "2012.??.??"]
[Round "3.14"]
[White "Stankiewicz, Edward"]
[Black "Olejnik, Bernard"]
[Result "1/2-1/2"]
[WhiteElo "1887"]
[BlackElo "1831"]
[PlyCount "60"]
[EventDate "2012.??.??"]

1. d4 d5 2. c4 c6 3. e3 Nf6 4. Nc3 g6 5. Nf3 Bg7 6. a4 O-O 7. Be2 Nbd7 8. cxd5
cxd5 9. O-O a6 10. h3 Re8 11. Qb3 Qb6 12. Ra3 Bf8 13. a5 Qc6 14. Ra4 e5 15.
dxe5 Nxe5 16. Nd4 Qd6 17. f4 Nc6 18. Bf3 Nxd4 19. exd4 Be6 20. Qc2 Bf5 21. Qf2
h5 22. Be3 Rad8 23. Re1 Bh6 24. Qd2 Re7 25. Qe2 Rde8 26. Raa1 Be4 27. Bxe4 Nxe4
28. Nxe4 Rxe4 29. g3 Qd7 30. Kg2 Bg7 1/2-1/2

[Event "Polfinal Mistrzostw Stowarzyszenia CROSS"]
[Site "Krynica Zdroj ul. Szkolna 7"]
[Date "2012.??.??"]
[Round "3.15"]
[White "Salamon, Jan"]
[Black "Czajkowski, Adam"]
[Result "0-1"]
[WhiteElo "1811"]
[BlackElo "1867"]
[PlyCount "54"]
[EventDate "2012.??.??"]

1. Nf3 Nf6 2. c4 g6 3. b3 Bg7 4. Bb2 O-O 5. e3 d6 6. Be2 e5 7. O-O Nc6 8. d3
Nd7 9. Nbd2 f5 10. Ne1 Qe7 11. Nc2 Nf6 12. b4 Bd7 13. Nb3 Rae8 14. b5 Nd8 15.
a4 g5 16. Ra2 g4 17. d4 e4 18. d5 Nf7 19. Bd4 Ng5 20. f3 exf3 21. gxf3 gxf3 22.
Bxf3 Ng4 23. Kh1 Be5 24. Bxe5 Qxe5 25. Bxg4 fxg4 26. Nbd4 Qe4+ 27. Kg1 Nh3# 0-1

[Event "Polfinal Mistrzostw Stowarzyszenia CROSS"]
[Site "Krynica Zdroj ul. Szkolna 7"]
[Date "2012.??.??"]
[Round "4.1"]
[White "Jelen, Janusz"]
[Black "Lipski, Tadeusz"]
[Result "1/2-1/2"]
[WhiteElo "1989"]
[BlackElo "2010"]
[PlyCount "25"]
[EventDate "2012.??.??"]

1. Nf3 Nf6 2. d4 b6 3. c4 Bb7 4. e3 e6 5. Nc3 Bb4 6. a3 Bxc3+ 7. bxc3 d6 8. Be2
O-O 9. O-O Nbd7 10. Nd2 e5 11. Qc2 Re8 12. Re1 Nf8 13. Nf1 1/2-1/2

[Event "Polfinal Mistrzostw Stowarzyszenia CROSS"]
[Site "Krynica Zdroj ul. Szkolna 7"]
[Date "2012.??.??"]
[Round "4.2"]
[White "Falkowski, Dawid"]
[Black "Ruszczycki, Jacek"]
[Result "0-1"]
[WhiteElo "2005"]
[BlackElo "1901"]
[PlyCount "90"]
[EventDate "2012.??.??"]

1. e4 c6 2. c4 d5 3. cxd5 cxd5 4. exd5 Nf6 5. Nc3 Nxd5 6. Bc4 Nf6 7. Nf3 Nc6 8.
O-O Bg4 9. Qb3 e6 10. Ng5 Qd7 11. Qa4 Be7 12. d4 h6 13. Nge4 O-O 14. Be3 a6 15.
Nxf6+ Bxf6 16. d5 Ne5 17. Qxd7 Nxd7 18. dxe6 Bxe6 19. Bxe6 fxe6 20. Rad1 Rfd8
21. Ne4 Rac8 22. Rd6 Kf7 23. Rfd1 Ke7 24. Nxf6 Nxf6 25. Rxd8 Rxd8 26. Rxd8 Kxd8
27. Kf1 Nd5 28. Bd4 g6 29. Ke2 Kd7 30. Be5 Kc6 31. g4 b5 32. h4 h5 33. f3 Kc5
34. Kd2 a5 35. Bg7 a4 36. Kd3 Nb4+ 37. Ke4 Nxa2 38. Ke5 b4 39. Kxe6 Kc4 40. Kf6
Nc3 41. Kxg6 a3 42. bxa3 b3 43. gxh5 b2 44. h6 b1=Q+ 45. Kf7 Qh7 0-1

[Event "Polfinal Mistrzostw Stowarzyszenia CROSS"]
[Site "Krynica Zdroj ul. Szkolna 7"]
[Date "2012.??.??"]
[Round "4.3"]
[White "Kulpinski, Piotr"]
[Black "Stolarczyk, Anna"]
[Result "1/2-1/2"]
[WhiteElo "1965"]
[BlackElo "1999"]
[PlyCount "55"]
[EventDate "2012.??.??"]

1. d4 d5 2. c4 c6 3. Nf3 e6 4. Bg5 Qb6 5. Qc2 dxc4 6. e4 c5 7. d5 Be7 8. Bxe7
Nxe7 9. Bxc4 exd5 10. exd5 Bf5 11. Qe2 Qd6 12. Nc3 a6 13. O-O O-O 14. Rfe1 Ng6
15. h3 b5 16. Bb3 c4 17. Bd1 Nd7 18. Bc2 Nf4 19. Qe7 Qxe7 20. Rxe7 Bxc2 21.
Rxd7 b4 22. Nd1 Rfd8 23. Rxd8+ Rxd8 24. Ne3 Bd3 25. Ne5 c3 26. Nxd3 Nxd3 27.
bxc3 bxc3 28. Kf1 1/2-1/2

[Event "Polfinal Mistrzostw Stowarzyszenia CROSS"]
[Site "Krynica Zdroj ul. Szkolna 7"]
[Date "2012.??.??"]
[Round "4.4"]
[White "Kowalczyk, Marian"]
[Black "Zarow, Zdzislaw"]
[Result "0-1"]
[WhiteElo "1991"]
[BlackElo "1898"]
[PlyCount "68"]
[EventDate "2012.??.??"]

1. e4 e5 2. Nf3 Nf6 3. Nc3 Nc6 4. Bb5 d6 5. d4 Bd7 6. d5 Nb8 7. Be2 Be7 8. h3
Bc8 9. Be3 Nbd7 10. Qd2 a6 11. a4 b6 12. O-O Nc5 13. Bd3 a5 14. Nh2 Ba6 15. f4
Bxd3 16. cxd3 Nb3 17. Qf2 Nxa1 18. Rxa1 O-O 19. f5 Nh5 20. Nf3 Kh8 21. Ne2 g6
22. g4 Ng7 23. d4 gxf5 24. exf5 Rg8 25. Kh2 f6 26. Nh4 Qe8 27. Bd2 Qf7 28. Qe3
Ne8 29. Qh6 Rg7 30. Ng3 Bf8 31. Nh5 Rxg4 32. Ng6+ Rxg6 33. fxg6 Qg8 34. gxh7
Qf7 0-1

[Event "Polfinal Mistrzostw Stowarzyszenia CROSS"]
[Site "Krynica Zdroj ul. Szkolna 7"]
[Date "2012.??.??"]
[Round "4.5"]
[White "Traczyk, Tadeusz"]
[Black "Wojcieszyn, Zdzislaw"]
[Result "0-1"]
[WhiteElo "1905"]
[BlackElo "1967"]
[PlyCount "68"]
[EventDate "2012.??.??"]

1. e4 c5 2. Nf3 Nc6 3. c4 g6 4. Nc3 Bg7 5. d4 Nxd4 6. Nxd4 Bxd4 7. Be2 d6 8.
O-O Bd7 9. Bf3 Bc6 10. Ne2 Bg7 11. Qc2 Nf6 12. Bf4 Nd7 13. Rad1 Ne5 14. Bxe5
Bxe5 15. Nc1 Qa5 16. Nd3 Bg7 17. a3 Qa4 18. Qxa4 Bxa4 19. Rd2 Bh6 20. Re2 Bb3
21. e5 O-O-O 22. exd6 exd6 23. Bd5 Rhe8 24. Rfe1 Rxe2 25. Rxe2 b5 26. Bxf7 Bxc4
27. Bxc4 bxc4 28. Ne1 Kd7 29. Rc2 d5 30. g3 Rb8 31. Nf3 Bg7 32. Re2 Rxb2 33.
Ne5+ Bxe5 34. Rxe5 Kd6 0-1

[Event "Polfinal Mistrzostw Stowarzyszenia CROSS"]
[Site "Krynica Zdroj ul. Szkolna 7"]
[Date "2012.??.??"]
[Round "4.6"]
[White "Gosek, Zenon"]
[Black "Sargalski, Andrzej"]
[Result "1/2-1/2"]
[WhiteElo "2089"]
[BlackElo "1904"]
[PlyCount "45"]
[EventDate "2012.??.??"]

1. e4 e5 2. Nf3 Nc6 3. Bc4 Bc5 4. O-O Nf6 5. d3 O-O 6. Nc3 h6 7. h3 Re8 8. Be3
Bxe3 9. fxe3 Na5 10. Bb3 Nxb3 11. axb3 d5 12. Nxd5 Nxd5 13. exd5 Qxd5 14. e4
Qc5+ 15. Kh1 a6 16. Qe2 Be6 17. Qf2 Qxf2 18. Rxf2 Rad8 19. Raf1 f6 20. Nh4 Rd6
21. Nf5 Bxf5 22. Rxf5 Red8 23. R5f2 1/2-1/2

[Event "Polfinal Mistrzostw Stowarzyszenia CROSS"]
[Site "Krynica Zdroj ul. Szkolna 7"]
[Date "2012.??.??"]
[Round "4.7"]
[White "Czajkowski, Adam"]
[Black "Pawelec, Bartosz"]
[Result "1/2-1/2"]
[WhiteElo "1867"]
[BlackElo "2036"]
[PlyCount "43"]
[EventDate "2012.??.??"]

1. e4 e5 2. Nf3 Nc6 3. Bb5 a6 4. Bxc6 dxc6 5. O-O Qf6 6. d4 exd4 7. Bg5 Qd6 8.
Qxd4 Qxd4 9. Nxd4 Bd7 10. Nc3 h6 11. Be3 Nf6 12. f3 O-O-O 13. Rfd1 c5 14. Nde2
Be7 15. Nf4 Rhe8 16. Rd2 Bc6 17. Rad1 Rxd2 18. Rxd2 Rd8 19. Ncd5 Nxd5 20. exd5
Be8 21. c4 c6 22. dxc6 1/2-1/2

[Event "Polfinal Mistrzostw Stowarzyszenia CROSS"]
[Site "Krynica Zdroj ul. Szkolna 7"]
[Date "2012.??.??"]
[Round "4.8"]
[White "Przewoznik, Emil"]
[Black "Debowska, Teresa"]
[Result "1-0"]
[WhiteElo "2012"]
[BlackElo "1866"]
[PlyCount "53"]
[EventDate "2012.??.??"]

1. Nf3 g6 2. e4 d6 3. d4 Bg7 4. Bc4 e6 5. Nc3 Ne7 6. Bg5 h6 7. Be3 O-O 8. Qd2
Kh7 9. g4 d5 10. Bd3 dxe4 11. Nxe4 Nd5 12. O-O-O Nxe3 13. Qxe3 f5 14. gxf5 exf5
15. Nc5 b6 16. Ne6 Bxe6 17. Qxe6 Re8 18. Qc4 Qd6 19. Ne5 Nd7 20. f4 c5 21. Rhg1
Nxe5 22. dxe5 Qd4 23. Qf7 Qxf4+ 24. Kb1 Qxe5 25. Qxg6+ Kg8 26. c3 Re6 27. Bc4
1-0

[Event "Polfinal Mistrzostw Stowarzyszenia CROSS"]
[Site "Krynica Zdroj ul. Szkolna 7"]
[Date "2012.??.??"]
[Round "4.9"]
[White "Hagner, Pawel"]
[Black "Wolanski, Michal"]
[Result "0-1"]
[WhiteElo "1777"]
[BlackElo "1961"]
[PlyCount "72"]
[EventDate "2012.??.??"]

1. d4 Nf6 2. Nf3 c5 3. d5 d6 4. c4 b5 5. cxb5 a6 6. bxa6 Bxa6 7. Nc3 g6 8. g3
Bg7 9. Bg2 O-O 10. O-O Nbd7 11. Re1 Qa5 12. e4 Ng4 13. h3 Nge5 14. Nxe5 Nxe5
15. Bf1 Rfb8 16. Bxa6 Rxa6 17. Qe2 c4 18. Be3 Raa8 19. Reb1 Nd3 20. Nd1 Rb7 21.
Qc2 Qa6 22. Bd2 Nb4 23. Bxb4 Rxb4 24. Nc3 Rab8 25. a4 Bxc3 26. Qxc3 Rb3 27. Qc2
R8b4 28. Ra3 Rxa3 29. bxa3 Rxb1+ 30. Qxb1 Qxa4 31. Qc1 Qb3 32. h4 c3 33. h5 c2
34. Kg2 Qb1 35. Qg5 c1=Q 36. Qxe7 Qh1# 0-1

[Event "Polfinal Mistrzostw Stowarzyszenia CROSS"]
[Site "Krynica Zdroj ul. Szkolna 7"]
[Date "2012.??.??"]
[Round "4.10"]
[White "Staruch, Roman"]
[Black "Niecko, Stanislaw"]
[Result "1/2-1/2"]
[WhiteElo "1937"]
[BlackElo "1834"]
[PlyCount "73"]
[EventDate "2012.??.??"]

1. e4 c5 2. Nf3 Nc6 3. c3 Nf6 4. e5 Nd5 5. Bc4 Nb6 6. Bb3 d6 7. exd6 exd6 8.
O-O Be7 9. d4 Bg4 10. dxc5 dxc5 11. Qe2 Qc7 12. Be3 O-O 13. Nbd2 Ne5 14. Rfe1
Bd6 15. h3 Bh5 16. g4 Nxf3+ 17. Qxf3 Bg6 18. Rac1 Rae8 19. Bc2 Bxc2 20. Rxc2 f5
21. gxf5 Re5 22. Qg4 Nd5 23. Nc4 Nxe3 24. Nxe3 Rfxf5 25. Nxf5 Rxe1+ 26. Kg2 Re6
27. Qc4 Qf7 28. Nxd6 Rxd6 29. Qxf7+ Kxf7 30. Re2 Kf6 31. Kg3 Rd3+ 32. f3 g5 33.
Kg4 Rd1 34. Kg3 h5 35. h4 gxh4+ 36. Kxh4 Rh1+ 37. Kg3 1/2-1/2

[Event "Polfinal Mistrzostw Stowarzyszenia CROSS"]
[Site "Krynica Zdroj ul. Szkolna 7"]
[Date "2012.??.??"]
[Round "4.11"]
[White "Cebula, Jozef"]
[Black "Bzowski, Grzegorz"]
[Result "1-0"]
[WhiteElo "1891"]
[BlackElo "1658"]
[PlyCount "52"]
[EventDate "2012.??.??"]

1. e4 d5 2. exd5 Qxd5 3. Nc3 Qa5 4. Bc4 Nf6 5. Nf3 Bg4 6. h3 Bh5 7. O-O e6 8.
d4 c6 9. Re1 Be7 10. Qe2 Qd8 11. Bb3 O-O 12. Bg5 Re8 13. Rad1 Nbd7 14. g4 Bg6
15. Nh4 Nd5 16. Bxe7 Qxe7 17. Nxg6 hxg6 18. Nxd5 cxd5 19. Bxd5 Qb4 20. Bb3 Nf6
21. c3 Qa5 22. Qf3 Rab8 23. Re5 Qc7 24. Rde1 Rbd8 25. Rc5 Qd7 26. Qe2 Kf8 1-0

[Event "Polfinal Mistrzostw Stowarzyszenia CROSS"]
[Site "Krynica Zdroj ul. Szkolna 7"]
[Date "2012.??.??"]
[Round "4.12"]
[White "Barnowski, Sylwester"]
[Black "Stankiewicz, Edward"]
[Result "1/2-1/2"]
[WhiteElo "1843"]
[BlackElo "1887"]
[PlyCount "59"]
[EventDate "2012.??.??"]

1. d4 Nf6 2. c4 g6 3. Nc3 d5 4. Nf3 Bg7 5. Bg5 c6 6. e3 O-O 7. Rc1 h6 8. Bh4
Bf5 9. Bxf6 Bxf6 10. cxd5 cxd5 11. Qb3 Qb6 12. Qxb6 axb6 13. Nxd5 Nd7 14. Nxf6+
Nxf6 15. Bc4 Rfc8 16. O-O Rxc4 17. Rxc4 Bd3 18. Rc7 Bxf1 19. Kxf1 Rxa2 20. Rxe7
Rxb2 21. Ne5 b5 22. Rxb7 Ne4 23. f3 Nc3 24. e4 f5 25. Nxg6 fxe4 26. Ne7+ Kf8
27. fxe4 Nxe4 28. Ng6+ Kg8 29. d5 b4 30. Ne5 1/2-1/2

[Event "Polfinal Mistrzostw Stowarzyszenia CROSS"]
[Site "Krynica Zdroj ul. Szkolna 7"]
[Date "2012.??.??"]
[Round "4.13"]
[White "Olejnik, Bernard"]
[Black "Sajdych, Wlodzimierz"]
[Result "1/2-1/2"]
[WhiteElo "1831"]
[BlackElo "1980"]
[PlyCount "37"]
[EventDate "2012.??.??"]

1. d4 d5 2. c4 e6 3. Nc3 Nf6 4. Nf3 c6 5. Qb3 Nbd7 6. h3 Bd6 7. c5 Bc7 8. Qc2
e5 9. e3 e4 10. Nh2 O-O 11. Be2 Re8 12. O-O Nf8 13. f3 Bxh2+ 14. Kxh2 Qc7+ 15.
f4 Ng6 16. Bd2 h6 17. Be1 Ne7 18. Qd2 Nh7 19. Kg1 1/2-1/2

[Event "Polfinal Mistrzostw Stowarzyszenia CROSS"]
[Site "Krynica Zdroj ul. Szkolna 7"]
[Date "2012.??.??"]
[Round "4.14"]
[White "Mettel, Werner"]
[Black "Rutkowski, Eugeniusz"]
[Result "1-0"]
[WhiteElo "1905"]
[BlackElo "1804"]
[PlyCount "43"]
[EventDate "2012.??.??"]

1. e4 Nc6 2. Nc3 e6 3. d4 d5 4. e5 b6 5. Nf3 Nge7 6. Bg5 h5 7. h4 Qd7 8. Bb5 a6
9. Bd3 Nb4 10. Be2 c5 11. a3 Nbc6 12. Na4 Qa7 13. c3 Nf5 14. Bd3 Nfe7 15. O-O
Bd7 16. b4 c4 17. Bc2 Ng8 18. Qd2 Nce7 19. Nb2 O-O-O 20. Qf4 b5 21. Qxf7 Be8
22. Qxf8 1-0

[Event "Polfinal Mistrzostw Stowarzyszenia CROSS"]
[Site "Krynica Zdroj ul. Szkolna 7"]
[Date "2012.??.??"]
[Round "4.15"]
[White "Rutkowski, Bogdan"]
[Black "Zaleski, Jan"]
[Result "1-0"]
[WhiteElo "1794"]
[BlackElo "1891"]
[PlyCount "97"]
[EventDate "2012.??.??"]

1. e4 c5 2. Nf3 g6 3. d4 cxd4 4. Nxd4 Bg7 5. Be3 Nf6 6. Nc3 O-O 7. Bc4 d6 8. f3
Nc6 9. Qd2 Na5 10. Be2 Nc6 11. O-O-O Bd7 12. g4 Ne8 13. h4 Nxd4 14. Bxd4 Bxd4
15. Qxd4 e5 16. Qe3 Bc6 17. g5 Qb6 18. Qd2 Rd8 19. h5 Rd7 20. hxg6 fxg6 21. Rh6
Rg7 22. Rdh1 Qc7 23. R1h3 Qf7 24. R6h4 a6 25. b3 b5 26. a4 Qa7 27. axb5 axb5
28. Kb2 Qb7 29. Qd3 b4 30. Qc4+ Rff7 31. Na2 d5 32. Qxb4 Rd7 33. Qxb7 Bxb7 34.
exd5 Bxd5 35. Nc3 Be6 36. Bc4 Nc7 37. Re4 Bxc4 38. Rxc4 Ne6 39. Ne4 Rc7 40.
Nf6+ Kh8 41. Ne8 Rxc4 42. Nxg7 Rc6 43. Nxe6 Rxe6 44. b4 e4 45. fxe4 Rxe4 46. b5
Re7 47. c3 Kg8 48. c4 Kf8 49. Rd3 1-0

[Event "Polfinal Mistrzostw Stowarzyszenia CROSS"]
[Site "Krynica Zdroj ul. Szkolna 7"]
[Date "2012.??.??"]
[Round "5.1"]
[White "Ruszczycki, Jacek"]
[Black "Zarow, Zdzislaw"]
[Result "1/2-1/2"]
[WhiteElo "1901"]
[BlackElo "1898"]
[PlyCount "37"]
[EventDate "2012.??.??"]

1. Nf3 Nf6 2. g3 b6 3. Bg2 Bb7 4. b3 Nc6 5. Nc3 Qc8 6. Bb2 e6 7. O-O Be7 8. a4
O-O 9. h4 Ng4 10. e3 Nb4 11. Nh2 Nxh2 12. Kxh2 Bxg2 13. Kxg2 f5 14. Re1 Qd8 15.
Rh1 Bf6 16. d4 d6 17. Ba3 a5 18. Qe2 Rf7 19. Qc4 1/2-1/2

[Event "Polfinal Mistrzostw Stowarzyszenia CROSS"]
[Site "Krynica Zdroj ul. Szkolna 7"]
[Date "2012.??.??"]
[Round "5.2"]
[White "Stolarczyk, Anna"]
[Black "Jelen, Janusz"]
[Result "0-1"]
[WhiteElo "1999"]
[BlackElo "1989"]
[PlyCount "54"]
[EventDate "2012.??.??"]

1. d4 d5 2. c4 e6 3. Nc3 c6 4. Nf3 Nf6 5. e3 Nbd7 6. Qc2 Bd6 7. Bd3 O-O 8. O-O
dxc4 9. Bxc4 e5 10. dxe5 Nxe5 11. Nxe5 Bxe5 12. f4 Bc7 13. Rd1 Qe7 14. Be2 Bb6
15. Kh1 Bxe3 16. Bf3 Bxc1 17. Raxc1 Qe3 18. Qd2 Qxd2 19. Rxd2 Be6 20. Rcd1 Rfe8
21. b4 Rac8 22. b5 Bg4 23. Bxg4 Nxg4 24. Kg1 Nf6 25. g3 Kf8 26. Kf2 cxb5 27.
Nxb5 Ne4+ 0-1

[Event "Polfinal Mistrzostw Stowarzyszenia CROSS"]
[Site "Krynica Zdroj ul. Szkolna 7"]
[Date "2012.??.??"]
[Round "5.3"]
[White "Wojcieszyn, Zdzislaw"]
[Black "Kulpinski, Piotr"]
[Result "0-1"]
[WhiteElo "1967"]
[BlackElo "1965"]
[PlyCount "35"]
[EventDate "2012.??.??"]

1. c4 c6 2. Nc3 d5 3. d4 e6 4. e3 Nf6 5. Nf3 Nbd7 6. cxd5 exd5 7. Bd3 Bd6 8.
O-O O-O 9. Qc2 Re8 10. Bd2 Nf8 11. h3 Qe7 12. Bf5 Ne4 13. Bxc8 Raxc8 14. Nxe4
dxe4 15. Ne1 Ng6 16. Qd1 Bb8 17. Qg4 Rcd8 18. g3 0-1

[Event "Polfinal Mistrzostw Stowarzyszenia CROSS"]
[Site "Krynica Zdroj ul. Szkolna 7"]
[Date "2012.??.??"]
[Round "5.4"]
[White "Lipski, Tadeusz"]
[Black "Przewoznik, Emil"]
[Result "1/2-1/2"]
[WhiteElo "2010"]
[BlackElo "2012"]
[PlyCount "21"]
[EventDate "2012.??.??"]

1. Nf3 Nf6 2. g3 g6 3. Bg2 d5 4. b3 Bg7 5. Bb2 O-O 6. O-O c6 7. d3 Nbd7 8. Nbd2
Re8 9. a4 a5 10. Ra2 e5 11. Qa1 1/2-1/2

[Event "Polfinal Mistrzostw Stowarzyszenia CROSS"]
[Site "Krynica Zdroj ul. Szkolna 7"]
[Date "2012.??.??"]
[Round "5.5"]
[White "Wolanski, Michal"]
[Black "Falkowski, Dawid"]
[Result "0-1"]
[WhiteElo "1961"]
[BlackElo "2005"]
[PlyCount "48"]
[EventDate "2012.??.??"]

1. c4 e6 2. Nc3 d5 3. e3 Nf6 4. Nf3 c6 5. b3 Nbd7 6. Bb2 Bd6 7. Qc2 O-O 8. Be2
Re8 9. g4 e5 10. g5 Ne4 11. Nxe4 dxe4 12. Qxe4 Nc5 13. Qc2 e4 14. Qc3 Bf8 15.
Nd4 Qxg5 16. O-O-O Qf6 17. Qc2 a5 18. f3 a4 19. fxe4 a3 20. Ba1 g6 21. Rdf1 Qh8
22. d3 Ne6 23. Nxe6 Qxa1+ 24. Kd2 Bb4+ 0-1

[Event "Polfinal Mistrzostw Stowarzyszenia CROSS"]
[Site "Krynica Zdroj ul. Szkolna 7"]
[Date "2012.??.??"]
[Round "5.6"]
[White "Gosek, Zenon"]
[Black "Kowalczyk, Marian"]
[Result "1/2-1/2"]
[WhiteElo "2089"]
[BlackElo "1991"]
[PlyCount "29"]
[EventDate "2012.??.??"]

1. d4 Nf6 2. c4 e6 3. Nc3 b6 4. Nf3 Bb7 5. e3 c5 6. Bd3 d6 7. O-O Be7 8. Qc2
Nc6 9. a3 O-O 10. Ne4 Nxe4 11. Bxe4 h6 12. Bd2 d5 13. Bd3 Rc8 14. Rac1 cxd4 15.
Nxd4 1/2-1/2